000 00555cam a22002051 4500
001 af 48000662
003 DLC
005 20260227110844.0
008 890527s1947 gw a 000 0 ger c
010 _aaf 48000662
035 _a(OCoLC)19773405
040 _aYale Univ. Library
_cCU
_dDLC
042 _apremarc
050 0 0 _aPT2638.M466
_bL4
100 1 _aSchmidt, Hans Walter,
_d1885-
245 1 4 _aDer Leuchtturm;
_bKurzgeschichten.
260 _aNürnberg,
_bL. Liebel,
_c1947.
300 _a190 p.
_billus.
_c21 cm.
440 0 _aMarksteine des Lebens
999 _c4157
_d4157